=LDR 00000nam 2200000 4500 =001 INLIS000000000023498 =005 20130612122146 =008 ***********************************Ind** =035 ##$$a0010-061300000023498 =041 ##$$a Ind =082 ##$$a F Rom D =090 ##$$a F Rom D, Les-k =100 ##$$a Lestari, V =245 ##$$a Ketika misteri terungkap, V. Lestari =260 ##$$a 1996 $b Jakarta =300 ##$$a 480 hlm., 18 cm =650 ##$$a Fiksi dewasa-Indonesia =850 ##$$a NBPNMAT =990 ##$$a 21400613/BPAP-NTB/20142014